| 000 | nam a22 7a 4500 | ||
|---|---|---|---|
| 999 |
_c21440 _d21440 |
||
| 008 | 170121b xxu||||| |||| 00| 0 eng d | ||
| 020 | _a9780810355224 | ||
| 050 | _aQC 983 .W66 1998 | ||
| 100 |
_aWood, Richard A. _d1998 |
||
| 245 |
_aThe weather almanac: _bA reference guide to weather, climate and related issues in the United States and its key cities/ _cRichard A. Wood. |
||
| 250 | _a8th ed. | ||
| 260 |
_aNew York: _bGale research, _c1998. |
||
| 300 |
_axiv, 741p.: _bill.; _c29cm. |
||
| 521 | _aIncludes index. | ||
| 650 | _aClimatology. | ||
| 650 | _aAir quality. | ||
| 942 |
_2lcc _cBOOKS _hQC 983 .W66 1998 |
||